Istoty v dôverne pestovanom

Bibliographic Details
Main Author: Mikolaj, Dušan, 1948- (Author)
Format: Article
Language:Slovak
PhysicalDescription:Fotogr. 3
Subjects:

MARC

LEADER 00000nab a2200000 a 4500
001 vtls000490592
003 SK-MaSNL
005 20260303164108.0
008 120927c1993 xo 0 slo
015 |a SNBRB19rr/mm-uuuuu 
035 |a CL0490730 
040 |a SNKBUCL  |b slo  |c SNKBUCL  |e AACR2 
041 0 |a slo 
044 |a xo  |c SK 
080 |a 008  |2 1981 
080 |a 374  |2 1981 
080 |a 39  |2 1981 
100 1 |a Mikolaj, Dušan,  |d 1948-  |4 aut  |9 222298 
245 1 0 |a Istoty v dôverne pestovanom  |c Dušan Mikolaj 
300 |b Fotogr. 3 
650 0 7 |a regionálna kultúra  |2 snkbucl  |9 67627 
650 0 7 |a osveta  |2 snkbucl  |9 16992 
655 7 |a články z novín a časopisov  |2 snkbucl  |9 267496 
773 0 |t Národná osveta  |g Roč. 3, č. 19 (1993), s. 6-8 
850 |a Slovenská národná knižnica v Martine  |a MTA001 
852 |a SNK  |b KIS3GCP 
958 |a RK 
992 |a RBX 
999 |c 2063313  |d 2065243